| 000 | 00732nam a2200229 i 4500 | ||
|---|---|---|---|
| 001 | 73781 | ||
| 003 | ES-MaACL | ||
| 005 | 20250916063045.0 | ||
| 007 | t| | ||
| 008 | 040913s1960 sp ||||1| spa d | ||
| 040 | _cES-MaACL | ||
| 100 | 1 |
_aGómez de la Serna, Ramón, _d1888-1963 _957901 _eaut |
|
| 245 | 1 | 0 |
_aGreguerías : _bselección, 1910-1960 / _cRamón Gómez de la Serna. |
| 250 | _aSexta edición | ||
| 260 |
_aMadrid : _bEspasa-Calpe, _c[1960] |
||
| 300 |
_a147 páginas ; _c18 cm. |
||
| 700 | 1 |
_aPrieto Delgado, Santiago _eaui _9242262 |
|
| 852 |
_aES-MaACL _jC-17307 _bR.45665 _976550 _cGalería |
||
| 942 |
_cMONOGRAFIA _n0 |
||
| 999 |
_c73781 _d73781 |
||